[Event "AUT-ch 2018"]
[Site "Vienna"]
[Date "2018.07.24"]
[Round "4"]
[White "Schroll, Gerhard"]
[Black "Schnider, Gert"]
[Result "1/2-1/2"]
[WhiteElo "2295"]
[BlackElo "2422"]
[Annotator "TA"]
[PlyCount "60"]
[EventDate "2018.07.22"]
[EventType "swiss"]
[EventCountry "AUT"]
[SourceTitle "playchess.com"]
[Source "ChessBase"]
[SourceQuality "1"]

{[%evp 17,60,-5,0,0,6,-8,-8,-8,-4,-6,-8,-13,0,-36,-29,-27,-18,-13,-8,-12,-4,-4,-4,-5,-5,-17,-15,-28,-5,-9,0,-4,0,0,0,0,0,-2,0,0,0,0,0,0,0]} 1. e4 {[%cal Be2e4,Be4e5][%mdl 32]} c5 2. c3 Nf6 3. e5 Nd5 4. Bc4 e6 5. Nf3 Nc6 6. d4 cxd4 7. cxd4 d6 8. O-O Be7 9. Nbd2 {[%cal Bb1d2,Bd2e4,Be4c3][%mdl 32]} O-O {LiveBook: 8 Games. B22: Sicilian: 2 c3} (9... dxe5 10. dxe5 Na5 11. Bd3 a6 12. Bb1 Bd7 13. Ne4 h6 14. Re1 Bc6 15. Nd4 Qc7 16. Nd6+ Bxd6 17. exd6 Qxd6 18. Nf5 {1-0 (34) Frolov,I (2333)-Maryasin,B (2342) Satka 2017}) 10. Ne4 Qc7 {[%cal Rd6e5]} 11. Bxd5 exd5 12. Nc3 Be6 {[%cal Rd6e5]} 13. Bf4 {[#] Threatens to win with exd6.} dxe5 $146 ({Predecessor:} 13... a6 14. Rc1 dxe5 15. Nxe5 Qb6 16. Na4 Qb5 17. Nxc6 bxc6 {1-0 (53) Neuberger,G-Blum,G Wuerzburg 1988}) 14. Nxe5 Nxe5 15. Bxe5 Qb6 16. Qd2 f6 17. Bf4 Bb4 18. Rfc1 Rac8 19. a3 Bxc3 20. Rxc3 Rxc3 21. Qxc3 Rc8 22. Qd2 Rc4 23. Be3 {The position is equal.} Qc7 24. Rc1 Rxc1+ 25. Qxc1 Qxc1+ 26. Bxc1 $11 {KB-KB} Kf7 27. Kf1 Ke7 28. Bf4 Bf5 29. Bb8 a6 30. Ke2 Kd7 {Precision: White = 78%, Black = 48%.} 1/2-1/2

[Event "AUT-ch 2018"]
[Site "Vienna"]
[Date "2018.07.24"]
[Round "4"]
[White "Neumeier, Klaus"]
[Black "Atzl, Florian"]
[Result "1-0"]
[WhiteElo "2284"]
[BlackElo "2117"]
[Annotator "NA"]
[PlyCount "47"]
[EventDate "2018.07.22"]
[EventType "swiss"]
[EventCountry "AUT"]
[SourceTitle "playchess.com"]
[Source "ChessBase"]
[SourceQuality "1"]
[TimeControl "40/5400+30:1800+30"]

1. Nf3 {[%emt 0:00:00]} Nf6 {[%emt 0:00:08]} 2. c4 {[%emt 0:00:00]} c5 {[%emt 0:00:09]} 3. g3 {[%emt 0:00:33]} Nc6 {[%emt 0:00:12]} 4. Bg2 {[%emt 0:00:32]} d5 {[%emt 0:00:08]} 5. cxd5 {[%emt 0:00:26]} Nxd5 {[%emt 0:00:10]} 6. Nc3 {[%emt 0:00:28]} Nc7 {[%emt 0:00:08]} 7. O-O {[%emt 0:00:21]} e5 {[%emt 0:00:05]} 8. a3 {[%emt 0:06:47]} f6 {[%emt 0:00:07]} 9. e3 {[%emt 0:00:22]} Be7 {[%emt 0:01:09]} 10. d4 {[%emt 0:00:26]} cxd4 {[%emt 0:00:08]} 11. exd4 {[%emt 0:00:09]} exd4 {[%emt 0:00:07]} 12. Ne2 {[%emt 0:00:11]} Ne6 {[%emt 0:00:08]} 13. b4 {[%emt 0:01:27]} O-O {[%emt 0:05:22]} 14. Bb2 {[%emt 0:05:38]} d3 {[%emt 0:00:54]} 15. Nc1 {[%emt 0:00:06]} Qb6 {[%emt 0:01:43]} 16. Nxd3 {[%emt 0:02:02]} a5 {[%emt 0:06:00]} 17. Rb1 {[%emt 0:13:20]} axb4 {[%emt 0:01:55]} 18. axb4 {[%emt 0:00:36]} Kh8 {[%emt 0:00:07]} 19. b5 {[%emt 0:15:11]} Na5 {[%emt 0:03:38]} 20. Nh4 {[%emt 0:07:14]} Ng5 {[%emt 0:17:14]} 21. Nf4 {[%emt 0:03:21]} Kg8 {[%emt 0:16:35]} 22. Bd5+ {[%emt 0:08:02]} Nf7 {[%emt 0:00:09]} 23. Qh5 {[%emt 0:04:53]} Bd8 {[%emt 0:02:42]} 24. Ba3 1-0

[Event "AUT-ch 2018"]
[Site "Vienna"]
[Date "2018.07.24"]
[Round "4"]
[White "Gelbenegger, Patrick"]
[Black "Wagner, Leopold Franziskus"]
[Result "1-0"]
[WhiteElo "2260"]
[BlackElo "2108"]
[Annotator "NA"]
[PlyCount "121"]
[EventDate "2018.07.22"]
[EventType "swiss"]
[EventCountry "AUT"]
[SourceTitle "playchess.com"]
[Source "ChessBase"]
[SourceQuality "1"]
[TimeControl "40/5400+30:1800+30"]

1. e4 {[%emt 0:00:00]} c6 {[%emt 0:00:05]} 2. d4 {[%emt 0:00:00]} d5 {[%emt 0:00:03]} 3. exd5 {[%emt 0:00:00]} cxd5 {[%emt 0:00:07]} 4. Bd3 {[%emt 0:00:21]} Nc6 {[%emt 0:00:07]} 5. c3 {[%emt 0:00:05]} Qc7 {[%emt 0:00:02]} 6. h3 {[%emt 0:00:12]} e6 {[%emt 0:01:56]} 7. Nf3 {[%emt 0:01:21]} Bd6 {[%emt 0:00:14]} 8. Nbd2 {[%emt 0:02:45]} Nge7 {[%emt 0:00:49]} 9. O-O {[%emt 0:14:53]} Ng6 {[%emt 0:01:33]} 10. Re1 {[%emt 0:04:14]} O-O {[%emt 0:06:17]} 11. Nf1 {[%emt 0:04:22]} Nce7 {[%emt 0:07:13]} 12. Bc2 {[%emt 0:13:16]} h6 {[%emt 0:05:33]} 13. Qd3 {[%emt 0:05:28]} f5 {[%emt 0:01:48]} 14. Bb3 {[%emt 0:07:50]} a5 {[%emt 0:04:13]} 15. a4 {[%emt 0:03:54]} b6 {[%emt 0:02:05]} 16. Bd2 {[%emt 0:07:43]} Ba6 {[%emt 0:00:39]} 17. Qc2 {[%emt 0:02:25]} Rf6 {[%emt 0:02:02]} 18. h4 {[%emt 0:06:51]} Rc8 {[%emt 0:02:48]} 19. h5 {[%emt 0:04:27]} Nf4 {[%emt 0:01:22]} 20. Ne5 {[%emt 0:03:19]} Nxh5 {[%emt 0:01:26]} 21. Qd1 {[%emt 0:01:06]} g6 {[%emt 0:04:15]} 22. Bxh6 {[%emt 0:01:19]} Bxf1 {[%emt 0:01:21]} 23. Kxf1 {[%emt 0:01:17]} Bxe5 {[%emt 0:00:44]} 24. Rxe5 {[%emt 0:05:59]} Nc6 {[%emt 0:00:47]} 25. Re3 {[%emt 0:00:18]} f4 {[%emt 0:01:31]} 26. Rh3 {[%emt 0:05:26]} f3 {[%emt 0:04:48]} 27. Rxf3 {[%emt 0:01:30]} Qh2 {[%emt 0:01:37]} 28. Rxf6 {[%emt 0:00:33]} Nxf6 {[%emt 0:00:34]} 29. Be3 {[%emt 0:00:24]} Qh1+ {[%emt 0:02:20]} 30. Ke2 {[%emt 0:00:05]} Qxg2 {[%emt 0:00:04]} 31. Qg1 {[%emt 0:00:43]} Qe4 {[%emt 0:00:43]} 32. Qh1 {[%emt 0:01:44]} Qf5 {[%emt 0:00:37]} 33. Qf3 {[%emt 0:01:11]} Kf7 {[%emt 0:02:46]} 34. Qxf5 {[%emt 0:00:07]} gxf5 {[%emt 0:00:15]} 35. Bf4 {[%emt 0:00:43]} Nh5 {[%emt 0:00:25]} 36. Bd6 {[%emt 0:00:29]} Rd8 {[%emt 0:00:49]} 37. Bc7 {[%emt 0:01:01]} Rd7 {[%emt 0:00:20]} 38. Bh2 {[%emt 0:00:15]} Kf6 {[%emt 0:01:32]} 39. Rh1 {[%emt 0:00:58]} Rh7 {[%emt 0:00:27]} 40. Kf3 {[%emt 0:00:42]} Kg6 {[%emt 0:33:30]} 41. Rg1+ {[%emt 0:07:02]} Kf7 {[%emt 0:00:00]} 42. Bc2 {[%emt 0:07:34]} Nf6 {[%emt 0:00:00]} 43. Bf4 {[%emt 0:03:39]} Ne7 {[%emt 0:00:00]} 44. Bd3 {[%emt 0:05:48]} Ne4 {[%emt 0:00:00]} 45. Ke3 {[%emt 0:03:25]} Nc8 {[%emt 0:00:00]} 46. f3 {[%emt 0:01:38]} Ned6 {[%emt 0:00:00]} 47. b3 {[%emt 0:01:46]} Ke7 {[%emt 0:00:00]} 48. Rg8 {[%emt 0:01:41]} Kd7 {[%emt 0:00:00]} 49. c4 {[%emt 0:00:53]} Kc6 {[%emt 0:00:00]} 50. Rg6 {[%emt 0:01:23]} Re7 {[%emt 0:00:00]} 51. Rg8 {[%emt 0:00:20]} Kd7 {[%emt 0:00:00]} 52. c5 {[%emt 0:00:38]} bxc5 {[%emt 0:00:00]} 53. dxc5 {[%emt 0:00:26]} e5 {[%emt 0:00:00]} 54. Bg5 {[%emt 0:00:17]} f4+ {[%emt 0:00:00]} 55. Kd2 {[%emt 0:00:20]} Nf7 {[%emt 0:03:48]} 56. Bb5+ {[%emt 0:00:59]} Ke6 {[%emt 0:00:25]} 57. Bxe7 {[%emt 0:00:42]} Nxe7 {[%emt 0:00:07]} 58. Ra8 {[%emt 0:00:18]} e4 {[%emt 0:00:32]} 59. fxe4 {[%emt 0:00:08]} dxe4 {[%emt 0:00:07]} 60. Bc4+ {[%emt 0:00:17]} Kf5 {[%emt 0:02:20]} 61. Rf8 {[%emt 0:00:35]} 1-0

[Event "AUT-ch 2018"]
[Site "Vienna"]
[Date "2018.07.24"]
[Round "4"]
[White "Schmidlechner, Alexander"]
[Black "Steiner, Adam"]
[Result "0-1"]
[WhiteElo "2226"]
[BlackElo "2174"]
[Annotator "NA"]
[PlyCount "134"]
[EventDate "2018.07.22"]
[EventType "swiss"]
[EventCountry "AUT"]
[SourceTitle "playchess.com"]
[Source "ChessBase"]
[SourceQuality "1"]
[TimeControl "40/5400+30:1800+30"]

1. Nf3 {[%emt 0:00:00]} d5 {[%emt 0:00:08]} 2. e3 {[%emt 0:00:00]} Nc6 {[%emt 0:04:56]} 3. b3 {[%emt 0:01:08]} e5 {[%emt 0:01:19]} 4. Bb2 {[%emt 0:00:40]} e4 {[%emt 0:02:46]} 5. Nd4 {[%emt 0:00:35]} Nxd4 {[%emt 0:01:59]} 6. Bxd4 {[%emt 0:00:07]} Nf6 {[%emt 0:10:22]} 7. Be2 {[%emt 0:01:40]} Be7 {[%emt 0:06:54]} 8. d3 {[%emt 0:16:27]} O-O {[%emt 0:02:19]} 9. O-O {[%emt 0:00:31]} Bf5 {[%emt 0:08:11]} 10. Nd2 {[%emt 0:10:48]} Qd7 {[%emt 0:05:02]} 11. dxe4 {[%emt 0:07:38]} dxe4 {[%emt 0:04:07]} 12. Nc4 {[%emt 0:01:29]} Rad8 {[%emt 0:06:17]} 13. Qc1 {[%emt 0:04:16]} c5 {[%emt 0:02:24]} 14. Bb2 {[%emt 0:03:07]} Qe6 {[%emt 0:03:40]} 15. Rd1 {[%emt 0:05:07]} Rxd1+ {[%emt 0:08:15]} 16. Qxd1 {[%emt 0:00:20]} Rd8 {[%emt 0:00:02]} 17. Qe1 {[%emt 0:00:28]} b5 {[%emt 0:02:54]} 18. Nd2 {[%emt 0:00:57]} Bd6 {[%emt 0:00:58]} 19. Bxb5 {[%emt 0:14:43]} Bh3 {[%emt 0:17:11]} 20. Bf1 {[%emt 0:17:25]} Qg4 {[%emt 0:03:37]} 21. Bxf6 {[%emt 0:03:48]} gxf6 {[%emt 0:00:13]} 22. f4 {[%emt 0:01:17]} exf3 {[%emt 0:02:03]} 23. Nxf3 {[%emt 0:00:10]} Qh5 {[%emt 0:03:08]} 24. Rd1 {[%emt 0:00:46]} Bg4 {[%emt 0:01:09]} 25. Rxd6 Rxd6 26. Qg3 {[%emt 0:05:59]} Rd1 {[%emt 0:00:21]} 27. h3 {[%emt 0:00:11]} f5 {[%emt 0:00:34]} 28. hxg4 {[%emt 0:00:15]} Qxg4 {[%emt 0:02:12]} 29. Qxg4+ {[%emt 0:00:59]} fxg4 {[%emt 0:00:01]} 30. Ne5 {[%emt 0:00:17]} g3 {[%emt 0:00:30]} 31. Nd3 {[%emt 0:00:46]} h5 {[%emt 0:01:23]} 32. Nxc5 {[%emt 0:00:34]} Rd2 {[%emt 0:00:34]} 33. c4 {[%emt 0:01:32]} Rxa2 {[%emt 0:00:11]} 34. b4 {[%emt 0:00:25]} Kf8 {[%emt 0:00:40]} 35. b5 {[%emt 0:00:31]} Ke7 {[%emt 0:00:20]} 36. Ne4 {[%emt 0:01:18]} h4 {[%emt 0:00:06]} 37. Ng5 {[%emt 0:01:33]} Rf2 {[%emt 0:01:39]} 38. c5 {[%emt 0:00:31]} f6 {[%emt 0:00:22]} 39. Nh3 {[%emt 0:00:26]} Rb2 {[%emt 0:00:35]} 40. Nf4 {[%emt 0:00:16]} Kd7 {[%emt 0:30:27]} 41. Bd3 {[%emt 0:05:04]} Ra2 {[%emt 0:00:00]} 42. Kf1 {[%emt 0:00:59]} Kc7 {[%emt 0:00:00]} 43. Bf5 {[%emt 0:13:54]} Kb8 {[%emt 0:00:00]} 44. Ke1 {[%emt 0:01:47]} Rb2 {[%emt 0:00:00]} 45. Bd7 {[%emt 0:00:37]} h3 {[%emt 0:00:00]} 46. Bxh3 {[%emt 0:03:10]} Rxb5 {[%emt 0:00:00]} 47. Nd3 {[%emt 0:01:32]} Kc7 {[%emt 0:00:00]} 48. Kd2 {[%emt 0:00:31]} a5 {[%emt 0:00:00]} 49. Kc2 {[%emt 0:01:28]} a4 {[%emt 0:00:00]} 50. Be6 {[%emt 0:00:41]} a3 {[%emt 0:00:25]} 51. Bc4 {[%emt 0:00:12]} Ra5 {[%emt 0:02:04]} 52. Kb1 {[%emt 0:00:10]} Kc6 {[%emt 0:00:26]} 53. Ka2 {[%emt 0:00:36]} Ra4 {[%emt 0:01:12]} 54. Bb3 {[%emt 0:00:58]} Re4 {[%emt 0:00:57]} 55. Kxa3 {[%emt 0:00:51]} Rxe3 {[%emt 0:00:01]} 56. Ba4+ {[%emt 0:00:12]} Kd5 {[%emt 0:01:13]} 57. Bb5 {[%emt 0:00:09]} f5 {[%emt 0:00:41]} 58. Kb4 {[%emt 0:00:25]} Re4+ {[%emt 0:00:40]} 59. Ka5 {[%emt 0:02:41]} f4 {[%emt 0:00:01]} 60. c6 {[%emt 0:00:46]} Kd6 {[%emt 0:01:38]} 61. Nc5 {[%emt 0:00:37]} Re7 {[%emt 0:00:43]} 62. Kb6 {[%emt 0:02:10]} f3 {[%emt 0:00:01]} 63. Ne4+ {[%emt 0:00:15]} Rxe4 {[%emt 0:00:56]} 64. c7 {[%emt 0:00:11]} fxg2 {[%emt 0:00:04]} 65. c8=Q {[%emt 0:00:16]} g1=Q+ {[%emt 0:00:03]} 66. Ka5 {[%emt 0:00:40]} Qa7+ {[%emt 0:00:20]} 67. Ba6 {[%emt 0:00:16]} Qc5+ {[%emt 0:00:14]} 0-1

[Event "AUT-ch 2018"]
[Site "Vienna"]
[Date "2018.07.24"]
[Round "4"]
[White "Khalakhan, Jurij"]
[Black "Feit, Florian"]
[Result "1-0"]
[WhiteElo "2215"]
[BlackElo "2012"]
[Annotator "NA"]
[PlyCount "117"]
[EventDate "2018.07.22"]
[EventType "swiss"]
[EventCountry "AUT"]
[SourceTitle "playchess.com"]
[Source "ChessBase"]
[SourceQuality "1"]
[TimeControl "40/5400+30:1800+30"]

1. e4 {[%emt 0:00:00]} e5 {[%emt 0:00:07]} 2. Nf3 {[%emt 0:00:00]} Nc6 {[%emt 0:00:03]} 3. Bc4 {[%emt 0:00:13]} Bc5 {[%emt 0:00:38]} 4. b4 {[%emt 0:00:01]} Bxb4 {[%emt 0:00:36]} 5. c3 {[%emt 0:00:01]} Be7 {[%emt 0:00:08]} 6. d4 {[%emt 0:00:10]} Na5 {[%emt 0:00:24]} 7. Be2 {[%emt 0:00:02]} exd4 {[%emt 0:04:22]} 8. Qxd4 {[%emt 0:00:02]} d5 9. O-O {[%emt 0:23:26]} dxe4 {[%emt 0:11:34]} 10. Qxe4 {[%emt 0:00:47]} Nf6 {[%emt 0:04:51]} 11. Qa4+ {[%emt 0:02:05]} c6 {[%emt 0:07:26]} 12. Rd1 {[%emt 0:01:39]} Bd7 {[%emt 0:00:37]} 13. Ne5 {[%emt 0:00:49]} b5 {[%emt 0:00:37]} 14. Qf4 {[%emt 0:08:16]} Qc7 {[%emt 0:17:37]} 15. Qg3 {[%emt 0:39:53]} Be6 {[%emt 0:10:03]} 16. Bf4 {[%emt 0:00:34]} Nd5 {[%emt 0:02:27]} 17. Rxd5 {[%emt 0:01:18]} Bxd5 {[%emt 0:07:51]} 18. Nxf7 {[%emt 0:00:45]} Bh4 {[%emt 0:09:24]} 19. Bxc7 {[%emt 0:16:58]} Bxg3 {[%emt 0:00:20]} 20. fxg3 {[%emt 0:02:01]} Kxf7 {[%emt 0:03:45]} 21. Bxa5 {[%emt 0:00:02]} Rae8 {[%emt 0:01:45]} 22. Kf2 {[%emt 0:01:08]} Re5 {[%emt 0:04:33]} 23. Nd2 {[%emt 0:00:43]} Bxg2 {[%emt 0:01:45]} 24. Bc7 {[%emt 0:00:31]} Re7 {[%emt 0:01:05]} 25. Bd6 {[%emt 0:00:26]} Re6 {[%emt 0:02:02]} 26. Bc5 {[%emt 0:00:08]} Bd5 {[%emt 0:01:20]} 27. Nb3 {[%emt 0:00:56]} Rhe8 {[%emt 0:01:20]} 28. Re1 {[%emt 0:00:35]} Rf6+ {[%emt 0:04:16]} 29. Kg1 {[%emt 0:00:01]} g6 {[%emt 0:00:45]} 30. Bd4 {[%emt 0:00:56]} Rfe6 {[%emt 0:00:23]} 31. Kf2 {[%emt 0:00:18]} Bxb3 {[%emt 0:01:38]} 32. axb3 {[%emt 0:00:03]} a5 {[%emt 0:00:20]} 33. h4 {[%emt 0:00:45]} Kf8 {[%emt 0:01:44]} 34. Bc5+ {[%emt 0:00:14]} Kg7 {[%emt 0:00:05]} 35. Bd4+ {[%emt 0:00:26]} Kh6 {[%emt 0:00:50]} 36. g4 {[%emt 0:00:01]} g5 {[%emt 0:00:07]} 37. hxg5+ {[%emt 0:01:45]} Kxg5 {[%emt 0:00:04]} 38. Kf3 {[%emt 0:00:20]} Rf8+ {[%emt 0:01:15]} 39. Kg3 {[%emt 0:00:14]} Rfe8 {[%emt 0:00:04]} 40. Kf3 {[%emt 0:00:09]} Re4 {[%emt 0:31:43]} 41. Bb6 {[%emt 0:09:47]} a4 {[%emt 0:00:00]} 42. bxa4 {[%emt 0:00:02]} bxa4 {[%emt 0:00:00]} 43. Bc5 {[%emt 0:00:05]} Rf4+ {[%emt 0:00:00]} 44. Kg3 {[%emt 0:00:23]} Rxg4+ {[%emt 0:00:00]} 45. Kf3 {[%emt 0:13:11]} Rf4+ {[%emt 0:00:00]} 46. Kg3 {[%emt 0:00:19]} h5 {[%emt 0:00:00]} 47. Ba3 {[%emt 0:01:42]} Rfe4 {[%emt 0:00:00]} 48. Bc1+ {[%emt 0:00:16]} Re3+ {[%emt 0:02:06]} 49. Kf2 {[%emt 0:00:25]} Kf4 {[%emt 0:00:53]} 50. Rh1 {[%emt 0:00:02]} a3 {[%emt 0:00:39]} 51. Rh4+ {[%emt 0:00:51]} Kf5 {[%emt 0:01:22]} 52. Bxe3 {[%emt 0:00:58]} Ra8 {[%emt 0:00:12]} 53. Rxh5+ {[%emt 0:00:20]} Kg6 {[%emt 0:00:36]} 54. Rh1 {[%emt 0:00:43]} Rf8+ {[%emt 0:00:46]} 55. Bf3 {[%emt 0:00:07]} Rb8 {[%emt 0:00:12]} 56. Bxc6 {[%emt 0:00:42]} Rb2+ {[%emt 0:00:09]} 57. Kf3 {[%emt 0:00:05]} a2 {[%emt 0:00:05]} 58. Ra1 {[%emt 0:00:02]} Rc2 {[%emt 0:00:09]} 59. Be4+ {[%emt 0:00:06]} 1-0

[Event "AUT-ch 2018"]
[Site "Vienna"]
[Date "2018.07.24"]
[Round "4"]
[White "Windhager, Hannes"]
[Black "Thoma, Wilhelm Jun"]
[Result "1-0"]
[WhiteElo "2203"]
[BlackElo "2203"]
[Annotator "NA"]
[PlyCount "89"]
[EventDate "2018.07.22"]
[EventType "swiss"]
[EventCountry "AUT"]
[SourceTitle "playchess.com"]
[Source "ChessBase"]
[SourceQuality "1"]
[TimeControl "40/5400+30:1800+30"]

1. e4 {[%emt 0:00:00]} e6 {[%emt 0:00:26]} 2. d4 {[%emt 0:00:00]} d5 {[%emt 0:00:05]} 3. Nc3 {[%emt 0:00:00]} Bb4 {[%emt 0:00:12]} 4. e5 {[%emt 0:00:07]} Ne7 {[%emt 0:00:16]} 5. a3 {[%emt 0:00:10]} Bxc3+ {[%emt 0:00:06]} 6. bxc3 {[%emt 0:00:04]} c5 {[%emt 0:00:16]} 7. Qg4 {[%emt 0:00:31]} Qc7 {[%emt 0:01:03]} 8. Qxg7 {[%emt 0:00:26]} Rg8 {[%emt 0:00:09]} 9. Qxh7 {[%emt 0:00:08]} cxd4 {[%emt 0:00:11]} 10. Ne2 {[%emt 0:00:39]} dxc3 {[%emt 0:00:13]} 11. f4 {[%emt 0:02:23]} Nbc6 {[%emt 0:00:13]} 12. Qd3 {[%emt 0:00:32]} d4 {[%emt 0:01:22]} 13. Nxd4 {[%emt 0:05:36]} Nxd4 {[%emt 0:00:09]} 14. Qxd4 {[%emt 0:00:06]} Bd7 {[%emt 0:00:13]} 15. Rb1 {[%emt 0:26:34]} Nf5 {[%emt 0:23:45]} 16. Qb4 {[%emt 0:09:00]} b6 {[%emt 0:09:11]} 17. a4 {[%emt 0:13:03]} Qc6 {[%emt 0:04:56]} 18. Kf2 {[%emt 0:08:07]} Rc8 {[%emt 0:08:22]} 19. Rg1 {[%emt 0:02:20]} Qxa4 {[%emt 0:02:52]} 20. Qxa4 {[%emt 0:00:09]} Bxa4 {[%emt 0:00:07]} 21. Bd3 {[%emt 0:01:32]} Ne7 {[%emt 0:06:22]} 22. h4 {[%emt 0:02:58]} Nd5 {[%emt 0:04:58]} 23. Ra1 {[%emt 0:05:35]} b5 {[%emt 0:02:06]} 24. Be3 {[%emt 0:02:26]} a5 {[%emt 0:01:15]} 25. Be4 {[%emt 0:04:14]} Rc4 {[%emt 0:07:17]} 26. Kf3 {[%emt 0:06:00]} Rxe4 {[%emt 0:08:32]} 27. Kxe4 {[%emt 0:00:07]} Bxc2+ {[%emt 0:00:08]} 28. Kd4 {[%emt 0:01:47]} Rg3 {[%emt 0:01:18]} 29. Rge1 {[%emt 0:01:55]} a4 {[%emt 0:01:12]} 30. Rac1 {[%emt 0:01:37]} Rxg2 {[%emt 0:02:09]} 31. Kc5 {[%emt 0:02:25]} b4 {[%emt 0:01:31]} 32. Ra1 {[%emt 0:01:19]} Rg3 {[%emt 0:04:17]} 33. Bc1 {[%emt 0:01:00]} Kf8 {[%emt 0:02:11]} 34. Re2 {[%emt 0:00:54]} Bd3 {[%emt 0:02:15]} 35. Rf2 {[%emt 0:00:44]} a3 {[%emt 0:02:14]} 36. f5 {[%emt 0:01:13]} Kg8 {[%emt 0:03:02]} 37. Bxa3 {[%emt 0:01:01]} bxa3 {[%emt 0:00:24]} 38. Rxa3 {[%emt 0:00:12]} c2 {[%emt 0:00:37]} 39. Rxc2 {[%emt 0:00:15]} Bxc2 {[%emt 0:03:07]} 40. Rxg3+ {[%emt 0:00:05]} Kh8 {[%emt 0:30:20]} 41. f6 {[%emt 0:31:16]} Nf4 {[%emt 0:00:00]} 42. Kd6 {[%emt 0:00:00]} Bg6 {[%emt 0:00:00]} 43. Rg4 {[%emt 0:00:00]} Nd3 {[%emt 0:00:00]} 44. Rxg6 {[%emt 0:00:00]} fxg6 {[%emt 0:00:00]} 45. f7 {[%emt 0:00:00]} 1-0

[Event "AUT-ch 2018"]
[Site "Vienna"]
[Date "2018.07.24"]
[Round "4"]
[White "Exler, Veronika"]
[Black "Diermair, Andreas"]
[Result "0-1"]
[WhiteElo "2198"]
[BlackElo "2508"]
[Annotator "TA"]
[PlyCount "94"]
[EventDate "2018.07.22"]
[EventType "swiss"]
[EventCountry "AUT"]
[SourceTitle "playchess.com"]
[Source "ChessBase"]
[SourceQuality "1"]

{[%evp 25,94,34,37,13,7,15,31,13,11,16,47,46,48,60,64,62,66,48,54,48,54,-4,0,0,0,0,14,14,17,9,7,0,0,0,12,0,0,-34,-42,-48,-12,-29,0,-83,-83,-165,-159,-165,-160,-142,-115,-115,-116,-250,-220,-233,-218,-170,-163,-235,-145,-144,-149,-456,-444,-435,-438,-510,-508,-586,-582]} 1. d4 e6 2. c4 c5 3. d5 exd5 4. cxd5 d6 5. Nc3 g6 6. Nf3 a6 7. a4 Bg7 8. Bf4 Nf6 9. h3 O-O 10. e3 Ne8 {A61: Modern Benoni: Nf3 without early e4} (10... Qe7 11. Bd3 Nbd7 12. O-O Ne8 13. e4 Rb8 14. Re1 Nc7 15. Qd2 Ne5 16. Nxe5 Bxe5 17. Bxe5 Qxe5 18. a5 {1-0 (42) Akobian,V (2647)-Ponkratov,P (2613) Riadh 2017}) 11. Be2 Nd7 12. O-O b6 13. Nd2 Ne5 {LiveBook: 9 Games} 14. Nc4 $146 ({Predecessor:} 14. Bh2 f5 15. Rb1 Nc7 16. b4 c4 17. b5 axb5 18. axb5 {½-½ (28) Sarkar,J (2383)-Shmeliov,D (2418) Manchester 2017}) 14... Nxc4 15. Bxc4 Rb8 16. Qd3 Nc7 17. e4 {[%cal Be3e4,Be4e5][%mdl 32]} Re8 18. Qg3 Be5 19. Bxe5 Rxe5 20. f4 Re8 21. e5 {Ne4 is the strong threat.} b5 22. axb5 axb5 23. Ba2 (23. Be2 $14 Bf5 24. Bg4) 23... Bf5 24. Bb1 Bxb1 25. Raxb1 {Hoping for Ne4.} f5 26. Rbd1 Qe7 27. Rfe1 b4 28. Nb1 Rbd8 29. Qf3 Qf7 30. e6 Qf6 31. Qe2 Ra8 32. b3 Kf8 33. Kh2 Ke7 34. Qd3 (34. Nd2 $11) 34... Ra2 $17 35. Nd2 {[#]} (35. Qe3 $17) 35... Qc3 $1 $19 {[%cal Rc3d3]} 36. Nc4 Qxd3 37. Rxd3 Nb5 38. Red1 Rea8 39. Nb6 {[#]} (39. R1d2 $17) 39... R8a6 $1 {[%cal Ra6b6]} 40. Nc4 Re2 41. R1d2 Re4 42. Rf2 (42. g4 {was necessary.}) 42... Nc3 43. g4 Rd4 44. Rdf3 $2 {[%mdl 8192]} (44. Rxd4 $17 {was the crucial defense.} cxd4 45. Rd2) 44... Nxd5 {Black is clearly winning.} 45. gxf5 gxf5 46. Ne3 Kxe6 47. Nxd5 Kxd5 {Precision: White = 38%, Black = 68%.} 0-1

[Event "AUT-ch 2018"]
[Site "Vienna"]
[Date "2018.07.24"]
[Round "4"]
[White "Goessler, Markus"]
[Black "Stanec, Nikolaus"]
[Result "0-1"]
[WhiteElo "2190"]
[BlackElo "2465"]
[Annotator "TA"]
[PlyCount "80"]
[EventDate "2018.07.22"]
[EventType "swiss"]
[EventCountry "AUT"]
[SourceTitle "playchess.com"]
[Source "ChessBase"]
[SourceQuality "1"]

{[%evp 10,80,54,26,24,12,19,16,16,14,19,7,25,18,22,26,17,0,0,-12,0,0,0,-23,-18,-31,0,-58,-45,-56,-38,-92,-58,-103,-70,-173,-147,-146,-137,-137,-112,-154,-159,-166,-152,-278,-274,-245,-207,-210,-206,-286,-280,-275,-270,-610,-604,-585,-339,-414,-402,-640,-595,-636,-599,-900,-905,-897,-890,-857,-849,-29981,-29982]} 1. e4 g6 2. d4 Bg7 3. Nc3 d6 4. Be3 Nd7 5. Nf3 a6 6. Bd3 {LiveBook: 37 Games. B06: Modern Defence} Ngf6 (6... e6 7. O-O Ne7 8. Ne2 h6 9. Ng3 b6 10. c3 Bb7 11. a4 Kf8 12. Re1 Kg8 13. b4 Kh7 {1-0 (40) Grischuk,A (2750)-Rapport,R (2698) chess.com INT 2017}) 7. h3 e5 8. dxe5 {The position is equal.} dxe5 9. O-O O-O 10. Re1 $146 ({Predecessor:} 10. Qd2 Qe7 11. Bc4 c6 12. a3 b5 13. Ba2 Nc5 {½-½ (31) Telepnev,I (2447)-Stephan,J (2555) ICCF email 2011}) 10... b6 11. Qd2 Bb7 12. Rad1 b5 13. Bg5 Re8 14. Bf1 Qb8 15. a4 c6 16. b4 Qc7 17. Qe3 Nf8 {[%cal Bd7f8,Bf8e6,Be6d4][%mdl 32]} 18. Na2 (18. axb5 $11 axb5 19. Rd3) 18... Ne6 $15 19. Bh4 Nh5 20. Nc3 (20. a5 $15) 20... h6 21. Nd2 Nd4 22. Bd3 (22. Rc1 $1 $15) 22... Nf4 $19 23. Rb1 g5 $36 {[%mdl 2048] Black has strong initiative.} 24. Bg3 Rad8 25. Rec1 c5 {[%cal Bc6c5,Bc5b4][%mdl 32]} 26. axb5 cxb4 27. Nd5 (27. Nd1 $17 {was worth a try.}) 27... Bxd5 (27... Nxd5 28. exd5 Nxb5 29. Rxb4 $15) 28. exd5 axb5 29. Nb3 {[#] White wants to play Nxd4.} e4 $1 {[%cal Re4d3]} ({Don't take} 29... Rxd5 30. Bxf4 gxf4 31. Qe4 $17) (29... Nxd5 {[#]} 30. Qxd4 $1 {[%mdl 512]} exd4 31. Bxc7 $15) 30. Bf1 Nf5 ({And not} 30... Nxc2 31. Bxf4 gxf4 32. Qd2 $16) ({But not} 30... Rxd5 31. Nxd4 Bxd4 32. Qb3 $19) 31. Bxf4 gxf4 32. Qe2 $2 (32. Qc5 Qe5 33. d6) 32... Rxd5 33. Rd1 Rde5 34. Nd4 {[#]} f3 $1 35. Qe1 (35. Nxf3 $142 exf3 36. Qxf3) (35. gxf3 Nxd4) 35... fxg2 36. Bxg2 Nh4 37. Kh1 Nxg2 38. Kxg2 Rg5+ 39. Kh1 {[#]} e3 $1 {And now ...Bxd4 would win.} 40. f3 (40. fxe3 Qb7+) 40... Qf4 {Precision: White = 21%, Black = 67%.} 0-1